00949nam a2200241Ia 450000100060000000300090000600800410001504000130005604000130006904100130008210000280009510000290012324500480015224500400020025000110024026000140025126000100026526000490027530000590032450002640038365000290064765000310067686673IT-RoPAU130308s9999 xx 000 0 und d aIT-RoPAU cIT-RoPAU aSPAGNOLO aTunon San Martin Amparo gCodice Aut. SPICS: 30880 aPerfiles del discurso cultural periodistico bPais (El) o la referencia Dominante a1a ed. aBARCELONA bMitre c1986 [1° Ed.:1986 - Ed.Ling.Originale:1986] a"19 p. (prefazione: no ; testo: 19 [pagine: 113-131])" aProfili del Discorso Culturale Periodistico Analisi di un Avvenimento in El pais Informazione e Cultura Stampa di referenza dominante Come Sistema di significazione connotativa El pais e la Cultura Informazione Conoscenza Evento Analisi di tre Testi Esemplari aSAGGI DI STAMPA DI MASSA eCodice materia Spics: 6661